| 000 | 00899nam a22002177a 4500 | ||
|---|---|---|---|
| 999 |
_c21398 _d21398 |
||
| 003 | AR-CdUCM | ||
| 008 | 190327b ||||| |||| 00| 0 spa d | ||
| 020 | _a9786073240185 | ||
| 040 |
_aMUNICIPALIDAD PROVINCIAL DEL CUSCO _cBIBLIOTECA MUNICIPAL DEL CUSCO |
||
| 082 |
_a658.41/P86 _bP86 |
||
| 100 |
_aPrieto Sierra, Carlos _944632 |
||
| 245 | _aEmprendimiento conceptos y plan de negocios / | ||
| 260 |
_aMéxico ; _bPearson, _c2017. |
||
| 300 |
_a400 Páginas. : _c21x27 cm. |
||
| 505 | _aContenido: La empresa -- Ciclo de vida de las empresas -- Organización empresarial -- Finanzas -- Tecnología y sistemas -- La empresa y su entorno -- Innovación y emprendimiento -- Perfil del empresario el emprendedor y el innovador ... | ||
| 650 |
_aAdministración _944633 |
||
| 650 |
_aEmprendimiento _944382 |
||
| 650 |
_aPlanificación empresarial _924882 |
||
| 942 |
_2ddc _cLIBROS |
||
| 945 | _aRoel | ||